| 000 | 00958nam a22002297a 4500 | ||
|---|---|---|---|
| 003 | NALT | ||
| 005 | 20210805165546.0 | ||
| 008 | s2540 th tha d | ||
| 040 | _aNALT | ||
| 041 | _atha | ||
| 090 | _aว TS1890 ว321ย 2540 | ||
| 100 | 0 | _aวราภรณ์ ตันรัตนกุล | |
| 245 | 1 | 0 | _aยางผสมชนิดใหม่ : ยางธรรมชาติผสมโพลิเอททิลีนชนิดความหนาแน่นต่ำมาก |
| 246 | _aNew natural rubber blended with ULDPE | ||
| 260 | 3 |
_aกรุงเทพฯ : _bสำนักงานกองทุนสนับสนุนการวิจัย, _c2540 |
|
| 300 |
_a79 หน้า : _b ตาราง, กราฟ ; _c 29 ซม. |
||
| 650 | 0 | 4 | _aยาง -- วิจัย |
| 650 | 0 | 4 | _aยางผสม -- วิจัย |
| 850 | _aNALT | ||
| 942 |
_cRSH _2lcc |
||
| 998 |
_bSOPAPORN _j109 _k อารีรัตน์ วิชาช่าง |
||
| 999 |
_c30436 _d30436 |
||